|
|
|
|
| LEADER |
00000nam0a2200000 4500 |
| 001 |
315773 |
| 005 |
20231102002818.0 |
| 035 |
|
|
|a (RuTPU)RU\TPU\book\341210
|
| 090 |
|
|
|a 315773
|
| 100 |
|
|
|a 20160309d1914 m y0rusy50 ca
|
| 101 |
0 |
|
|a rus
|
| 102 |
|
|
|a RU
|
| 105 |
|
|
|a a z 000zy
|
| 200 |
1 |
|
|a О получении алюминия из русских минералов
|f Н. Пушин, Э. Дишлер, М. Максименко
|
| 210 |
|
|
|a Санкт-Петербург
|c Типография А. Э. Коллинс (бывш. Ю. Н. Эрлих)
|d 1914
|
| 215 |
|
|
|a 21 с.
|c ил.
|
| 300 |
|
|
|a Отдельный оттиск из "Известий Электротехнического Института Императора Александра III" за 1914 г., выпуск 10
|
| 300 |
|
|
|a Текст в русской дореформенной орфографии
|
| 316 |
|
|
|5 63413507: М-132643
|a На титульном листе владельческая подпись: "Бутаков"
|
| 317 |
|
|
|5 63413507: М-132643
|a Поступила в НТБ в 1970 г. в составе книжного собрания профессора ТПИ И. Н. Бутакова
|
| 606 |
1 |
|
|a Алюминий
|x Производство
|2 stltpush
|3 (RuTPU)RU\TPU\subj\21958
|9 46865
|
| 610 |
1 |
|
|a металлы
|
| 610 |
1 |
|
|a алюминийсодержащее сырье
|
| 610 |
1 |
|
|a получение
|
| 610 |
1 |
|
|a владельческая надпись
|
| 610 |
1 |
|
|a владельческие знаки
|
| 610 |
1 |
|
|a библиотека И. Н. Бутакова
|
| 675 |
|
|
|a 669.713
|v 4
|
| 700 |
|
1 |
|a Пушин
|b Н.
|
| 701 |
|
1 |
|a Дишлер
|b Э.
|
| 701 |
|
1 |
|a Максименко
|b М.
|
| 801 |
|
1 |
|a RU
|b 63413507
|c 20160309
|
| 801 |
|
2 |
|a RU
|b 63413507
|c 20190801
|g RCR
|
| 942 |
|
|
|c BK
|